Sergio Leone : the great Italian Dream of Legendary America /

Bibliographic Details
Main Author: De Fornari, Oreste
Format: Book
Language:English
Language Notes:Translation of: Tutti i film di Sergio Leone.
Published: Rome : Gremese International, [1997]
Subjects:

MARC

Tag First Indicator Second Indicator Subfields
LEADER 00000cam a2200000 a 4500
001 in00001410145
005 20151020060906.0
008 980202s1997 it a b 000 0 eng d
020 |a 8873010946 
035 |a (OCoLC)38299921 
035 |9 AHN8108AM 
040 |a OSU  |c OSU  |d IXA  |d TXA  |d UtOrBLW 
041 1 |a eng  |h ita 
049 |a TXAM 
050 1 4 |a PN1998.3.L463  |b D4413 1997 
100 1 |a De Fornari, Oreste. 
240 1 0 |a Tutti i film di Sergio Leone.  |l English 
245 1 0 |a Sergio Leone :  |b the great Italian Dream of Legendary America /  |c Oreste De Fornari. 
264 1 |a Rome :  |b Gremese International,  |c [1997] 
264 4 |c ©1997 
300 |a 168 pages :  |b illustrations (some color) ;  |c 27 cm. 
336 |a text  |b txt  |2 rdacontent 
337 |a unmediated  |b n  |2 rdamedia 
338 |a volume  |b nc  |2 rdacarrier 
504 |a Includes bibliographical references (pages 167-168). 
546 |a Translation of: Tutti i film di Sergio Leone. 
600 1 0 |a Leone, Sergio,  |d 1929-1989. 
948 |a c:pk 
999 |a MARS 
999 f f |s 754b1d06-05e1-3d05-b5ba-69149533d6be  |i 17beb18d-ac38-355b-9cb2-74fcf20f0446  |t 0 
952 f f |p ric  |a Texas A&M University  |b Rellis Campus  |c Joint Library Facility  |d Remote Storage  |t 0  |e PN1998.3.L463 D4413 1997  |h Library of Congress classification  |i unmediated -- volume  |m A14822531024 
998 f f |a PN1998.3.L463 D4413 1997  |t 0  |l Remote Storage